000 00296nam a2200133Ia 4500
100 _aSasikumar/ Shikhare
942 _cBK
654 _aparallel
245 _aIntroduction to Parallel Processing
260 _bPrentice Hall
_c2003
082 _a4.35
_bSAS
300 _a266
546 _aENGLISH
999 _c29032
_d29032